000 00556nam a22002057a 4500
003 OSt
005 20210421075402.0
008 210225s1965 ||||| |||| 00| 0 eng d
040 _aeng
_beng
_cDLC
041 _aeng
080 _a821.111
_bS-56
100 _9915
_aShute, Nevil
245 _aRound the Bend
_c/ by: Ballantine Books
260 _aNew York
_bBallantine Books
_c1965
300 _a304 p.
365 _b0.75 usd
650 0 _9247
_aEnglish literature
653 _aინგლისური ლიტერატურა
942 _2udc
_cBK
999 _c1724
_d1724